| 000 | 00609nam a2200217Ia 4500 | ||
|---|---|---|---|
| 003 | BUBTL | ||
| 008 | 151213s9999 xx 000 0 und d | ||
| 020 | _a0-19-521126-x | ||
| 082 |
_a332.4'56'091724 _bHIE |
||
| 100 | _aLawrence E,Hinkle | ||
| 245 |
_aExchange Rate Misalignment _cLawrence E,Hinkle |
||
| 260 |
_aNew Yeork _bOxford University _c1999 |
||
| 300 |
_a[xv] , 614p . : _bTable ; 24cm . |
||
| 500 | _aIncludes Index . | ||
| 650 | _aFinance | ||
| 650 | _aFinance | ||
| 700 | _aLawrence E,Hinkle | ||
| 856 |
_k0 _l0 _yDownload |
||
| 942 |
_2ddc _cBK |
||
| 999 |
_c1471 _d1471 |
||